000
00290nam a2200133Ia 4500
100
_a
Bradbeer/Robin
942
_c
BK
654
_a
computer
245
_a
The Home computer book
260
_b
Gerald Duckworth
_a
London
_c
1984
082
_a
1.6404
_b
BRA
300
_a
196
546
_a
ENGLISH
999
_c
31906
_d
31906